[Event "Deutsche Ländermeisterschaft 2025"]
[Site "Oer-Erkenschwick GER"]
[Date "2025.10.04"]
[Round "6"]
[White "Neumann, Helena"]
[Black "Moldovan, Stela"]
[Result "1-0"]
[Termination "normal"]
[Board "1.5"]
[WhiteTitle "WFM"]
[WhiteElo "2126"]
[BlackElo "1841"]
[WhiteClock "00:54:50"]
[BlackClock "00:00:45"]
[WhiteTeam "Nordrhein-Westfalen 1"]
[BlackTeam "Württemberg"]
[PlyCount "61"]
[WhiteFideId "16275365"]
[BlackFideId "16287380"]
[EventCountry "GER"]
[EventRounds "7"]
[EventType "team-swiss"]
[EventDate "2025.09.30"]

1. e4 {[%clk 01:30:49]} {[%emt 00:00:10]} e6 {[%clk 01:30:15]} {[%emt
00:00:45]} 2. d4 {[%clk 01:31:15]} {[%emt 00:00:04]} d5 {[%clk 01:30:27]}
{[%emt 00:00:18]} 3. Nd2 {[%clk 01:31:42]} {[%emt 00:00:03]} c5 {[%clk
01:30:30]} {[%emt 00:00:27]} 4. Ngf3 {[%clk 01:32:07]} {[%emt 00:00:04]} cxd4
{[%clk 01:30:18]} {[%emt 00:00:43]} 5. Nxd4 {[%clk 01:32:31]} {[%emt 00:00:07]}
Nf6 {[%clk 01:30:10]} {[%emt 00:00:37]} 6. exd5 {[%clk 01:32:57]} {[%emt
00:00:04]} Nxd5 {[%clk 01:27:39]} {[%emt 00:03:01]} 7. N2b3 {[%clk 01:31:50]}
{[%emt 00:01:37]} Bb4+ {[%clk 01:25:23]} {[%emt 00:02:46]} 8. Bd2 {[%clk
01:29:16]} {[%emt 00:03:04]} O-O {[%clk 01:23:36]} {[%emt 00:02:16]} 9. c3
{[%clk 01:24:58]} {[%emt 00:04:49]} Be7 {[%clk 01:22:49]} {[%emt 00:01:17]} 10.
Bd3 {[%clk 01:22:04]} {[%emt 00:03:24]} Nd7 {[%clk 01:13:34]} {[%emt 00:09:46]}
11. O-O {[%clk 01:18:34]} {[%emt 00:03:59]} N7f6 {[%clk 00:59:39]} {[%emt
00:14:25]} 12. Re1 {[%clk 01:15:20]} {[%emt 00:03:44]} Bd7 {[%clk 00:37:22]}
{[%emt 00:22:46]} 13. a3 {[%clk 01:10:32]} {[%emt 00:05:19]} Ba4 {[%clk
00:31:14]} {[%emt 00:06:36]} 14. Qf3 {[%clk 01:04:25]} {[%emt 00:06:37]} Bxb3
{[%clk 00:27:22]} {[%emt 00:04:24]} 15. Nxb3 {[%clk 01:02:12]} {[%emt
00:02:43]} Qb6 {[%clk 00:27:16]} {[%emt 00:00:35]} 16. c4 {[%clk 01:02:05]}
{[%emt 00:00:37]} Nc7 {[%clk 00:26:03]} {[%emt 00:01:44]} 17. Ba5 {[%clk
01:02:19]} {[%emt 00:00:16]} Qd6 {[%clk 00:21:05]} {[%emt 00:05:28]} 18. Rad1
{[%clk 01:02:35]} {[%emt 00:00:14]} b6 {[%clk 00:08:59]} {[%emt 00:12:36]} 19.
Bb4 {[%clk 01:01:40]} {[%emt 00:01:25]} Qd8 {[%clk 00:05:40]} {[%emt 00:03:48]}
20. Bxh7+ {[%clk 01:02:03]} {[%emt 00:00:07]} Nxh7 {[%clk 00:05:54]} {[%emt
00:00:16]} 21. Rxd8 {[%clk 01:02:28]} {[%emt 00:00:06]} Rfxd8 {[%clk 00:06:07]}
{[%emt 00:00:17]} 22. Bxe7 {[%clk 01:02:49]} {[%emt 00:00:08]} Rd7 {[%clk
00:06:29]} {[%emt 00:00:08]} 23. Bb4 {[%clk 01:02:27]} {[%emt 00:00:53]} Rad8
{[%clk 00:06:44]} {[%emt 00:00:14]} 24. Bc3 {[%clk 01:02:32]} {[%emt 00:00:26]}
f6 {[%clk 00:06:20]} {[%emt 00:00:54]} 25. Qc6 {[%clk 01:01:49]} {[%emt
00:01:13]} e5 {[%clk 00:05:01]} {[%emt 00:01:50]} 26. Kf1 {[%clk 01:00:04]}
{[%emt 00:02:13]} Nf8 {[%clk 00:04:04]} {[%emt 00:01:28]} 27. a4 {[%clk
00:55:27]} {[%emt 00:05:08]} Nce6 {[%clk 00:02:21]} {[%emt 00:02:13]} 28. g3
{[%clk 00:55:21]} {[%emt 00:00:35]} Ng5 {[%clk 00:01:59]} {[%emt 00:00:51]} 29.
h4 {[%clk 00:55:22]} {[%emt 00:00:29]} Nf7 {[%clk 00:02:12]} {[%emt 00:00:17]}
30. Bb4 {[%clk 00:54:53]} {[%emt 00:00:59]} Rc8 {[%clk 00:00:45]} {[%emt
00:01:58]} 31. Qxc8 {[%clk 00:54:50]} {[%emt 00:00:33]} 1-0

[Event "Deutsche Ländermeisterschaft 2025"]
[Site "Oer-Erkenschwick GER"]
[Date "2025.10.04"]
[Round "6"]
[White "Retzlaff, Nick"]
[Black "Müller, Konstantin"]
[Result "0-1"]
[Termination "normal"]
[Board "1.6"]
[WhiteElo "1875"]
[BlackElo "2035"]
[WhiteClock "00:00:35"]
[BlackClock "01:02:23"]
[WhiteTeam "Württemberg"]
[BlackTeam "Nordrhein-Westfalen 1"]
[PlyCount "66"]
[WhiteFideId "34610367"]
[BlackFideId "34661778"]
[EventCountry "GER"]
[EventRounds "7"]
[EventType "team-swiss"]
[EventDate "2025.09.30"]

1. e4 {[%clk 01:30:58]} {[%emt 00:00:02]} c5 {[%clk 01:30:56]} {[%emt
00:00:05]} 2. Nf3 {[%clk 01:31:04]} {[%emt 00:00:23]} e6 {[%clk 01:31:19]}
{[%emt 00:00:06]} 3. d4 {[%clk 01:31:30]} {[%emt 00:00:04]} cxd4 {[%clk
01:31:45]} {[%emt 00:00:04]} 4. Nxd4 {[%clk 01:31:55]} {[%emt 00:00:05]} a6
{[%clk 01:32:05]} {[%emt 00:00:10]} 5. a3 {[%clk 01:31:35]} {[%emt 00:00:50]}
Nf6 {[%clk 01:31:55]} {[%emt 00:00:40]} 6. Nc3 {[%clk 01:31:57]} {[%emt
00:00:08]} Qc7 {[%clk 01:32:13]} {[%emt 00:00:12]} 7. Be3 {[%clk 01:09:25]}
{[%emt 00:23:03]} b5 {[%clk 01:31:59]} {[%emt 00:00:43]} 8. f3 {[%clk
01:05:44]} {[%emt 00:04:11]} Bb7 {[%clk 01:31:54]} {[%emt 00:00:34]} 9. Be2
{[%clk 01:03:59]} {[%emt 00:02:16]} d5 {[%clk 01:27:20]} {[%emt 00:05:04]} 10.
exd5 {[%clk 00:59:09]} {[%emt 00:05:20]} Nxd5 {[%clk 01:27:39]} {[%emt
00:00:10]} 11. Nxd5 {[%clk 00:56:35]} {[%emt 00:03:04]} Bxd5 {[%clk 01:28:02]}
{[%emt 00:00:07]} 12. O-O {[%clk 00:53:40]} {[%emt 00:03:25]} Bd6 {[%clk
01:24:29]} {[%emt 00:04:03]} 13. h3 {[%clk 00:51:06]} {[%emt 00:03:04]} O-O
{[%clk 01:24:26]} {[%emt 00:00:34]} 14. c3 {[%clk 00:43:53]} {[%emt 00:07:43]}
Nd7 {[%clk 01:22:17]} {[%emt 00:02:39]} 15. Qc2 {[%clk 00:42:14]} {[%emt
00:02:10]} Nf6 {[%clk 01:21:28]} {[%emt 00:01:18]} 16. f4 {[%clk 00:33:15]}
{[%emt 00:09:29]} Rfe8 {[%clk 01:12:11]} {[%emt 00:09:47]} 17. Bf3 {[%clk
00:30:31]} {[%emt 00:03:14]} Bxf4 {[%clk 01:11:12]} {[%emt 00:01:30]} 18. Bxf4
{[%clk 00:30:09]} {[%emt 00:00:51]} Qxf4 {[%clk 01:11:33]} {[%emt 00:00:09]}
19. Bxd5 {[%clk 00:29:11]} {[%emt 00:01:28]} Qe3+ {[%clk 01:11:47]} {[%emt
00:00:17]} 20. Kh1 {[%clk 00:28:00]} {[%emt 00:01:41]} Nxd5 {[%clk 01:11:41]}
{[%emt 00:00:36]} 21. Rae1 {[%clk 00:28:00]} {[%emt 00:00:30]} Qg5 {[%clk
01:10:55]} {[%emt 00:01:15]} 22. Qe4 {[%clk 00:27:29]} {[%emt 00:01:01]} Rad8
{[%clk 01:10:01]} {[%emt 00:01:24]} 23. Nc6 {[%clk 00:23:04]} {[%emt 00:04:55]}
Nf6 {[%clk 01:06:26]} {[%emt 00:04:06]} 24. Qf3 {[%clk 00:13:06]} {[%emt
00:10:28]} Rd5 {[%clk 01:06:09]} {[%emt 00:00:47]} 25. Nd4 {[%clk 00:10:51]}
{[%emt 00:02:45]} h5 {[%clk 01:05:38]} {[%emt 00:01:02]} 26. Re2 {[%clk
00:09:32]} {[%emt 00:01:49]} h4 {[%clk 01:05:40]} {[%emt 00:00:28]} 27. Re3
{[%clk 00:08:11]} {[%emt 00:01:51]} Red8 {[%clk 01:02:25]} {[%emt 00:03:45]}
28. Kh2 {[%clk 00:04:40]} {[%emt 00:04:02]} R8d7 {[%clk 01:02:02]} {[%emt
00:00:52]} 29. Re2 {[%clk 00:03:29]} {[%emt 00:01:41]} Nh5 {[%clk 01:01:42]}
{[%emt 00:00:51]} 30. Rxe6 {[%clk 00:00:32]} {[%emt 00:03:27]} fxe6 {[%clk
01:01:16]} {[%emt 00:00:55]} 31. Qf8+ {[%clk 00:00:31]} {[%emt 00:00:31]} Kh7
{[%clk 01:01:40]} {[%emt 00:00:06]} 32. Nxe6 {[%clk 00:00:37]} {[%emt
00:00:23]} Qe5+ {[%clk 01:02:01]} {[%emt 00:00:10]} 33. Kg1 {[%clk 00:00:35]}
{[%emt 00:00:32]} Qxe6 {[%clk 01:02:23]} {[%emt 00:00:08]} 0-1

[Event "Deutsche Ländermeisterschaft 2025"]
[Site "Oer-Erkenschwick GER"]
[Date "2025.10.04"]
[Round "6"]
[White "Schirmbeck, Lilian"]
[Black "Balazs, Sztella Anna"]
[Result "1/2-1/2"]
[Termination "normal"]
[Board "1.7"]
[WhiteTitle "WCM"]
[WhiteElo "1927"]
[BlackElo "1831"]
[WhiteClock "00:26:56"]
[BlackClock "00:28:25"]
[WhiteTeam "Nordrhein-Westfalen 1"]
[BlackTeam "Württemberg"]
[PlyCount "103"]
[WhiteFideId "34620532"]
[BlackFideId "799645"]
[EventCountry "GER"]
[EventRounds "7"]
[EventType "team-swiss"]
[EventDate "2025.09.30"]

1. d4 {[%clk 01:30:56]} {[%emt 00:00:04]} Nf6 {[%clk 01:30:56]} {[%emt
00:00:04]} 2. c4 {[%clk 01:31:15]} {[%emt 00:00:12]} e6 {[%clk 01:31:22]}
{[%emt 00:00:04]} 3. g3 {[%clk 01:31:41]} {[%emt 00:00:04]} d5 {[%clk
01:31:44]} {[%emt 00:00:08]} 4. Bg2 {[%clk 01:31:40]} {[%emt 00:00:31]} Bb4+
{[%clk 01:31:52]} {[%emt 00:00:22]} 5. Bd2 {[%clk 01:31:39]} {[%emt 00:00:31]}
Be7 {[%clk 01:32:17]} {[%emt 00:00:05]} 6. Nf3 {[%clk 01:31:16]} {[%emt
00:00:53]} c6 {[%clk 01:31:39]} {[%emt 00:01:08]} 7. Qc2 {[%clk 01:30:56]}
{[%emt 00:00:50]} O-O {[%clk 01:31:45]} {[%emt 00:00:24]} 8. O-O {[%clk
01:31:00]} {[%emt 00:00:26]} b6 {[%clk 01:31:46]} {[%emt 00:00:29]} 9. b3
{[%clk 01:29:02]} {[%emt 00:02:28]} Bb7 {[%clk 01:31:43]} {[%emt 00:00:34]} 10.
Nc3 {[%clk 01:22:51]} {[%emt 00:06:41]} Nbd7 {[%clk 01:31:32]} {[%emt
00:00:41]} 11. e4 {[%clk 01:21:21]} {[%emt 00:02:00]} Nxe4 {[%clk 01:25:41]}
{[%emt 00:06:21]} 12. Nxe4 {[%clk 01:21:48]} {[%emt 00:00:03]} dxe4 {[%clk
01:26:02]} {[%emt 00:00:09]} 13. Qxe4 {[%clk 01:22:16]} {[%emt 00:00:01]} Nf6
{[%clk 01:25:37]} {[%emt 00:00:55]} 14. Qc2 {[%clk 01:21:49]} {[%emt 00:00:54]}
c5 {[%clk 01:24:12]} {[%emt 00:01:59]} 15. dxc5 {[%clk 01:14:55]} {[%emt
00:07:23]} Bxc5 {[%clk 01:19:18]} {[%emt 00:05:23]} 16. Bc3 {[%clk 01:13:54]}
{[%emt 00:01:31]} Be4 {[%clk 01:16:25]} {[%emt 00:03:23]} 17. Qb2 {[%clk
01:06:44]} {[%emt 00:07:37]} Be7 {[%clk 01:16:29]} {[%emt 00:00:29]} 18. Rad1
{[%clk 01:01:58]} {[%emt 00:05:16]} Qc7 {[%clk 01:15:47]} {[%emt 00:01:12]} 19.
Qe2 {[%clk 00:57:04]} {[%emt 00:05:24]} Rad8 {[%clk 01:06:50]} {[%emt
00:09:27]} 20. Ne5 {[%clk 00:38:07]} {[%emt 00:19:25]} Bxg2 {[%clk 01:01:07]}
{[%emt 00:06:14]} 21. Kxg2 {[%clk 00:38:35]} {[%emt 00:00:03]} Qb7+ {[%clk
00:39:33]} {[%emt 00:22:04]} 22. Qf3 {[%clk 00:38:17]} {[%emt 00:00:48]} Qxf3+
{[%clk 00:39:41]} {[%emt 00:00:22]} 23. Kxf3 {[%clk 00:38:40]} {[%emt
00:00:07]} Rc8 {[%clk 00:39:27]} {[%emt 00:00:44]} 24. g4 {[%clk 00:36:19]}
{[%emt 00:02:51]} h6 {[%clk 00:38:41]} {[%emt 00:01:17]} 25. Nd7 {[%clk
00:30:50]} {[%emt 00:05:57]} Rfd8 {[%clk 00:37:15]} {[%emt 00:01:56]} 26. Nxf6+
{[%clk 00:31:06]} {[%emt 00:00:14]} Bxf6 {[%clk 00:37:40]} {[%emt 00:00:04]}
27. Bxf6 {[%clk 00:30:42]} {[%emt 00:00:54]} gxf6 {[%clk 00:38:07]} {[%emt
00:00:04]} 28. Ke2 {[%clk 00:30:09]} {[%emt 00:01:03]} Kg7 {[%clk 00:34:32]}
{[%emt 00:04:05]} 29. Rxd8 {[%clk 00:30:06]} {[%emt 00:00:32]} Rxd8 {[%clk
00:34:46]} {[%emt 00:00:16]} 30. Rd1 {[%clk 00:30:19]} {[%emt 00:00:17]} Rb8
{[%clk 00:27:09]} {[%emt 00:08:08]} 31. Rd7 {[%clk 00:28:25]} {[%emt 00:02:22]}
a5 {[%clk 00:24:24]} {[%emt 00:03:17]} 32. Ke3 {[%clk 00:25:39]} {[%emt
00:03:17]} Kf8 {[%clk 00:21:37]} {[%emt 00:03:16]} 33. Rc7 {[%clk 00:20:16]}
{[%emt 00:05:53]} Rd8 {[%clk 00:20:37]} {[%emt 00:01:30]} 34. c5 {[%clk
00:19:08]} {[%emt 00:01:37]} bxc5 {[%clk 00:19:33]} {[%emt 00:01:34]} 35. Rxc5
{[%clk 00:19:37]} {[%emt 00:00:02]} Ra8 {[%clk 00:19:56]} {[%emt 00:00:07]} 36.
Kd3 {[%clk 00:18:55]} {[%emt 00:01:11]} e5 {[%clk 00:18:33]} {[%emt 00:01:54]}
37. f4 {[%clk 00:17:41]} {[%emt 00:01:43]} Rd8+ {[%clk 00:15:24]} {[%emt
00:03:39]} 38. Ke3 {[%clk 00:18:01]} {[%emt 00:00:10]} a4 {[%clk 00:12:52]}
{[%emt 00:03:03]} 39. Rc4 {[%clk 00:13:21]} {[%emt 00:05:09]} axb3 {[%clk
00:11:48]} {[%emt 00:01:34]} 40. axb3 {[%clk 00:13:50]} {[%emt 00:00:02]} Rd1
{[%clk 00:11:51]} {[%emt 00:00:26]} 41. Ke4 {[%clk 00:04:33]} {[%emt 00:09:47]}
Rh1 {[%clk 00:07:08]} {[%emt 00:05:14]} 42. Kf5 {[%clk 00:04:34]} {[%emt
00:00:28]} Kg7 {[%clk 00:07:27]} {[%emt 00:00:11]} 43. fxe5 {[%clk 00:03:09]}
{[%emt 00:01:55]} fxe5 {[%clk 00:07:33]} {[%emt 00:00:24]} 44. Kxe5 {[%clk
00:03:09]} {[%emt 00:00:30]} Rxh2 {[%clk 00:07:59]} {[%emt 00:00:04]} 45. b4
{[%clk 00:03:05]} {[%emt 00:00:34]} Kg6 {[%clk 00:01:12]} {[%emt 00:07:17]} 46.
b5 {[%clk 00:27:30]} {[%emt 00:06:04]} Rb2 {[%clk 00:29:16]} {[%emt 00:02:26]}
47. Rc6+ {[%clk 00:27:44]} {[%emt 00:00:16]} f6+ {[%clk 00:28:30]} {[%emt
00:01:16]} 48. Rxf6+ {[%clk 00:26:54]} {[%emt 00:01:20]} Kg5 {[%clk 00:28:55]}
{[%emt 00:00:05]} 49. Rf5 {[%clk 00:26:55]} {[%emt 00:00:29]} Kxg4 {[%clk
00:29:18]} {[%emt 00:00:07]} 50. Ke6 {[%clk 00:26:36]} {[%emt 00:00:48]} h5
{[%clk 00:28:44]} {[%emt 00:01:04]} 51. Rc5 {[%clk 00:26:37]} {[%emt 00:00:25]}
h4 {[%clk 00:28:25]} {[%emt 00:00:53]} 52. Kd6 {[%clk 00:26:56]} {[%emt
00:00:11]} 1/2-1/2

[Event "Deutsche Ländermeisterschaft 2025"]
[Site "Oer-Erkenschwick GER"]
[Date "2025.10.04"]
[Round "6"]
[White "Tu, Tiffany"]
[Black "Shynkar, Daria"]
[Result "1-0"]
[Termination "normal"]
[Board "1.8"]
[WhiteElo "1707"]
[BlackElo "1922"]
[WhiteClock "00:45:21"]
[BlackClock "00:26:44"]
[WhiteTeam "Württemberg"]
[BlackTeam "Nordrhein-Westfalen 1"]
[PlyCount "117"]
[WhiteFideId "34628576"]
[BlackFideId "34163212"]
[EventCountry "GER"]
[EventRounds "7"]
[EventType "team-swiss"]
[EventDate "2025.09.30"]

1. e4 {[%clk 01:30:55]} {[%emt 00:00:04]} e6 {[%clk 01:30:56]} {[%emt
00:00:05]} 2. Nf3 {[%clk 01:31:12]} {[%emt 00:00:12]} d5 {[%clk 01:31:20]}
{[%emt 00:00:06]} 3. e5 {[%clk 01:31:35]} {[%emt 00:00:07]} c5 {[%clk
01:31:40]} {[%emt 00:00:10]} 4. c3 {[%clk 01:31:54]} {[%emt 00:00:12]} Bd7
{[%clk 01:31:38]} {[%emt 00:00:31]} 5. Na3 {[%clk 01:32:05]} {[%emt 00:00:18]}
a6 {[%clk 01:29:44]} {[%emt 00:02:24]} 6. Nc2 {[%clk 01:32:16]} {[%emt
00:00:18]} Qb6 {[%clk 01:28:09]} {[%emt 00:02:05]} 7. d4 {[%clk 01:32:20]}
{[%emt 00:00:27]} Bb5 {[%clk 01:26:45]} {[%emt 00:01:54]} 8. Bd3 {[%clk
01:30:30]} {[%emt 00:02:20]} Bxd3 {[%clk 01:26:18]} {[%emt 00:00:57]} 9. Qxd3
{[%clk 01:30:53]} {[%emt 00:00:04]} Nc6 {[%clk 01:25:12]} {[%emt 00:01:38]} 10.
O-O {[%clk 01:30:33]} {[%emt 00:00:50]} cxd4 {[%emt 00:02:44]} 11. cxd4 {[%clk
01:30:35]} {[%emt 00:00:25]} Nge7 {[%clk 01:21:49]} {[%emt 00:01:43]} 12. Bd2
{[%clk 01:28:21]} {[%emt 00:02:43]} Ng6 {[%clk 01:19:47]} {[%emt 00:02:33]} 13.
Rfe1 {[%clk 01:26:59]} {[%emt 00:01:52]} Be7 {[%clk 01:19:17]} {[%emt
00:01:00]} 14. Rab1 {[%clk 01:26:13]} {[%emt 00:01:14]} Qc7 {[%clk 01:17:25]}
{[%emt 00:02:24]} 15. b4 {[%clk 01:24:02]} {[%emt 00:02:41]} b5 {[%clk
01:17:07]} {[%emt 00:00:48]} 16. a3 {[%clk 01:23:51]} {[%emt 00:00:41]} Rc8
{[%clk 01:16:28]} {[%emt 00:01:09]} 17. Rbc1 {[%clk 01:23:14]} {[%emt
00:01:03]} O-O {[%clk 01:14:35]} {[%emt 00:02:27]} 18. Na1 {[%clk 01:18:47]}
{[%emt 00:04:53]} Qa7 {[%clk 01:11:31]} {[%emt 00:03:37]} 19. Nb3 {[%clk
01:18:05]} {[%emt 00:01:12]} Nb8 {[%clk 01:03:57]} {[%emt 00:08:04]} 20. Bg5
{[%clk 01:14:18]} {[%emt 00:04:16]} Bxg5 {[%clk 00:59:56]} {[%emt 00:04:33]}
21. Nxg5 {[%clk 01:14:17]} {[%emt 00:00:30]} Qe7 {[%clk 01:00:05]} {[%emt
00:00:21]} 22. Nf3 {[%clk 01:13:27]} {[%emt 00:01:20]} Nd7 {[%clk 00:53:45]}
{[%emt 00:06:51]} 23. Nc5 {[%clk 01:10:50]} {[%emt 00:03:04]} Ra8 {[%clk
00:52:33]} {[%emt 00:01:45]} 24. Rc2 {[%clk 01:07:31]} {[%emt 00:03:47]} Nb6
{[%clk 00:52:25]} {[%emt 00:00:40]} 25. Rec1 {[%clk 01:05:14]} {[%emt
00:02:46]} Nc4 {[%clk 00:52:18]} {[%emt 00:00:37]} 26. Nd2 {[%clk 01:03:09]}
{[%emt 00:02:32]} Qh4 {[%clk 00:51:22]} {[%emt 00:01:30]} 27. Nxc4 {[%clk
01:01:17]} {[%emt 00:02:22]} dxc4 {[%clk 00:51:07]} {[%emt 00:00:45]} 28. Qe3
{[%clk 01:00:51]} {[%emt 00:00:55]} Rfd8 {[%clk 00:50:53]} {[%emt 00:00:44]}
29. Rd2 {[%clk 00:59:19]} {[%emt 00:01:59]} Ne7 {[%clk 00:49:53]} {[%emt
00:01:34]} 30. Qe4 {[%clk 00:57:07]} {[%emt 00:02:41]} Qxe4 {[%clk 00:48:44]}
{[%emt 00:01:40]} 31. Nxe4 {[%clk 00:57:32]} {[%emt 00:00:05]} Nf5 {[%clk
00:48:42]} {[%emt 00:00:32]} 32. Rcd1 {[%clk 00:57:22]} {[%emt 00:00:39]} Rd5
{[%clk 00:48:16]} {[%emt 00:00:57]} 33. Nc3 {[%clk 00:56:16]} {[%emt 00:01:33]}
Rd7 {[%clk 00:47:10]} {[%emt 00:01:38]} 34. d5 {[%clk 00:54:37]} {[%emt
00:02:09]} exd5 {[%clk 00:33:04]} {[%emt 00:14:37]} 35. Nxd5 {[%clk 00:54:28]}
{[%emt 00:00:38]} Kf8 {[%clk 00:31:37]} {[%emt 00:01:57]} 36. Nb6 {[%clk
00:51:11]} {[%emt 00:03:47]} Rxd2 {[%clk 00:31:57]} {[%emt 00:00:11]} 37. Rxd2
{[%clk 00:51:41]} c3 {[%clk 00:29:03]} {[%emt 00:03:23]} 38. Rc2 {[%clk
00:50:19]} {[%emt 00:01:46]} Nd4 {[%clk 00:21:20]} {[%emt 00:08:19]} 39. Rxc3
{[%clk 00:49:48]} {[%emt 00:01:01]} Ne2+ {[%clk 00:21:45]} {[%emt 00:00:05]}
40. Kf1 {[%clk 00:50:14]} {[%emt 00:00:05]} Nxc3 {[%clk 00:22:11]} {[%emt
00:00:04]} 41. Nxa8 {[%clk 00:50:33]} {[%emt 00:00:09]} Nb1 {[%clk 00:22:35]}
{[%emt 00:00:07]} 42. Nc7 {[%clk 00:50:33]} {[%emt 00:00:30]} Nxa3 {[%clk
00:23:02]} {[%emt 00:00:03]} 43. Nxa6 {[%clk 00:50:45]} {[%emt 00:00:19]} Nc2
{[%clk 00:22:15]} {[%emt 00:01:16]} 44. Ke2 {[%clk 00:50:07]} {[%emt 00:01:08]}
Ke7 {[%clk 00:22:32]} {[%emt 00:00:13]} 45. Kd2 {[%clk 00:48:52]} {[%emt
00:01:43]} Nd4 {[%clk 00:22:16]} {[%emt 00:00:47]} 46. Nc5 {[%clk 00:47:35]}
{[%emt 00:01:46]} Nc6 {[%clk 00:22:04]} {[%emt 00:00:43]} 47. Nd3 {[%clk
00:47:43]} {[%emt 00:00:19]} Ke6 {[%clk 00:22:29]} {[%emt 00:00:08]} 48. f4
{[%clk 00:47:48]} {[%emt 00:00:24]} Kd5 {[%clk 00:22:26]} {[%emt 00:00:33]} 49.
Ke3 {[%clk 00:46:26]} {[%emt 00:01:51]} Kc4 {[%clk 00:20:35]} {[%emt 00:02:22]}
50. Ke4 {[%clk 00:44:36]} {[%emt 00:02:21]} g6 {[%clk 00:13:10]} {[%emt
00:07:55]} 51. g4 {[%clk 00:42:59]} {[%emt 00:02:06]} Ne7 {[%clk 00:08:07]}
{[%emt 00:05:34]} 52. h4 {[%clk 00:40:50]} {[%emt 00:02:39]} h6 {[%clk
00:02:47]} {[%emt 00:05:50]} 53. h5 {[%clk 00:34:04]} {[%emt 00:07:16]} gxh5
{[%clk 00:01:37]} {[%emt 00:01:41]} 54. gxh5 {[%clk 00:34:32]} {[%emt
00:00:02]} Nc6 {[%clk 00:29:13]} {[%emt 00:02:53]} 55. f5 {[%clk 00:51:25]}
{[%emt 00:13:36]} Nd8 {[%clk 00:29:20]} {[%emt 00:00:25]} 56. Nc5 {[%clk
00:46:47]} {[%emt 00:05:07]} Kxb4 {[%clk 00:26:27]} {[%emt 00:03:24]} 57. Kd5
{[%clk 00:46:32]} {[%emt 00:00:42]} Ka5 {[%clk 00:26:31]} {[%emt 00:00:25]} 58.
Nb7+ {[%clk 00:45:02]} {[%emt 00:02:03]} Nxb7 {[%clk 00:26:44]} {[%emt
00:00:18]} 59. e6 {[%clk 00:45:21]} {[%emt 00:00:11]} 1-0